00374nam a2200145Ia 4500003000400000008004100004040001600045082002100061100002300082245003700105700002200142260003300164650000900197650002200206GCL140319s9999 xx 000 0 eng d aGCL / cGCL04a912.0947453bA L1 aABDEL MALEK, ANWAR10aLENINGRAD / cABDEL MALEK, ANWAR1 aMERRIAM - WEBSTEI a[S.N] : bA GUILAR ، c199204aMAPS04aLENIEGRAD - MAPS